| 000 | 01046nmm a2200301 a 4500 | ||
|---|---|---|---|
| 001 | ocm000602056 | ||
| 003 | TR-IsHL | ||
| 005 | 20201028134515.0 | ||
| 008 | 131121s1999 tu tur | ||
| 007 | cr cn | ||
| 020 | _a9789754824865 | ||
| 035 |
_a602056 _b(N$T) |
||
| 050 | 0 | 4 |
_aAM79.T8 _bH66 1999 |
| 090 | 0 | 4 |
_aAM79.T8 _bH66 1999 |
| 100 | 1 | _aHooper-Greenhill, Eilean | |
| 245 | 1 | 0 |
_aMüze ve galeri eğitimi _h[electronic resource] / _cEilean Hooper-Greenhill ; çev. Meltem Örge Evren, Emine Gül Kapçı, yay.haz. Bekir Onur |
| 260 |
_aAnkara : _bÇocuk Kültürü Araştırma ve Uygulama Merkezi, _c1999 |
||
| 300 | _a230 p. | ||
| 650 | 4 | _aMüze ve Kültürel Çalışmalar | |
| 650 | 4 | _aMuseums and Cultural Works | |
| 650 | 0 | _aMüze eğitimi | |
| 650 | 0 | _aMuseum education | |
| 650 | 7 |
_aART / Museum Studies _2bisacsh |
|
| 700 | 1 | _aEvren, Meltem Örge | |
| 700 | 1 | _aKapçı, Emine Gül | |
| 700 | 1 | _aOnur, Bekir | |
| 856 | 4 | 0 | _uhttp://search.ebscohost.com/login.aspx?direct=true&scope=site&db=e011xww&AN=602056 |
| 999 |
_c6231 _d6231 |
||